[Event "24e tournoi de Noël"]
[Site "Montigny le Bretonneux"]
[Date "2025.12.29"]
[Round "5.9"]
[White "Imbert, Nicolas"]
[Black "El Hamoui, Noah"]
[Result "1-0"]
[WhiteElo "1732"]
[BlackElo "1517"]
[Annotator "Rivier,Sylvain"]
[PlyCount "135"]
[EventDate "2025.??.??"]
[WhiteTeam "Saint-Quentin en Yvelines"]
[BlackTeam "Saint-Quentin en Yvelines"]

{Partie du pion dame} 1. d4 d5 2. Nf3 Nf6 3. Bf4 Bf5 4. c4 e6 5. Qb3 Nc6 6. c5
Be7 7. Qxb7 Na5 8. Qxc7 Qxc7 9. Bxc7 Nc6 10. a3 O-O 11. e3 Rfc8 12. Bg3 Ne4 13.
Nbd2 Nxg3 14. hxg3 Rab8 15. b4 Bc2 16. Ba6 Rc7 17. O-O Ba4 18. Rab1 Bb5 19.
Bxb5 Rxb5 20. Rb2 Rcb7 21. Rfb1 Bf6 22. Ne1 e5 23. dxe5 Nxe5 24. Rc2 Nc6 25.
Ndf3 a5 26. Nd3 Rb8 27. a4 Nxb4 28. Nxb4 Rxb4 29. Rxb4 Rxb4 30. c6 Rb1+ 31. Kh2
Rb8 32. Rc5 Rc8 33. Rxa5 g6 34. Rc5 Be7 35. Rc2 Bd6 36. Nd4 Kf8 37. f4 h5 38.
Kh3 Kg7 39. g4 hxg4+ 40. Kxg4 f5+ 41. Kf3 Kf6 42. g4 fxg4+ 43. Kxg4 Bc7 44. Nb5
Kf7 45. Nxc7 Rxc7 46. Kg5 Rc8 47. c7 Ke6 48. a5 Kd6 49. a6 Ke6 50. a7 Kd7 51.
Kxg6 Rg8+ 52. Kf5 Rc8 53. Ke5 Re8+ 54. Kxd5 Rc8 55. f5 Ke7 56. a8=Q Rxa8 57.
c8=Q Rxc8 58. Rxc8 Kf6 59. e4 Ke7 60. Rc6 Kf7 61. Ke5 Ke7 62. Rc7+ Kd8 63. Ra7
Ke8 64. Ke6 Kf8 65. Rb7 Kg8 66. Kf6 Kh8 67. Kg6 Kg8 68. Rb8# 1-0

[Event "24e tournoi de Noël"]
[Site "Montigny le Bretonneux"]
[Date "2025.12.29"]
[Round "5.10"]
[White "Neveu, Raphael"]
[Black "Corbeau, Lou"]
[Result "1-0"]
[WhiteElo "1785"]
[BlackElo "1750"]
[Annotator "Rivier,Sylvain"]
[PlyCount "107"]
[EventDate "2025.??.??"]
[WhiteTeam "La Dame Noire"]
[BlackTeam "C'Chartres Echecs"]

{Défense française} 1. e4 e6 2. b3 d5 3. Bb2 dxe4 4. Nc3 Nf6 5. Qe2 Nbd7 6.
Nxe4 Nxe4 7. Qxe4 Nf6 8. Qf3 Qd5 9. Qxd5 Nxd5 10. O-O-O Bd7 11. Ne2 a5 12. a4
Nf6 13. f3 Be7 14. Nc3 O-O 15. Kb1 Rfd8 16. h4 Nh5 17. Ne4 Bc6 18. Be5 Bxe4 19.
fxe4 Bd6 20. Bxd6 Rxd6 21. Rh3 Rd4 22. d3 Nf6 23. Be2 Rad8 24. Kc1 c6 25. Re3
e5 26. c3 R4d7 27. Kc2 b5 28. axb5 cxb5 29. Ra1 Ra7 30. g4 a4 31. b4 Rc7 32. g5
Ne8 33. c4 Rd4 34. Kc3 Nd6 35. c5 Nb7 36. Rf3 Nd8 37. Rf5 Nc6 38. Rxe5 Kf8 39.
Rf1 Rcd7 40. Rd5 R4xd5 41. exd5 Rxd5 42. Bf3 Ne7 43. Bxd5 Nxd5+ 44. Kd4 Ne7 45.
Ke5 Nc6+ 46. Kd6 Nd4 47. c6 Ke8 48. c7 Nf5+ 49. Kc6 Ne7+ 50. Kxb5 Kd7 51. Kxa4
Nd5 52. Rc1 Nxc7 53. b5 Kc8 54. b6 1-0

[Event "24e tournoi de Noël"]
[Site "Montigny le Bretonneux"]
[Date "2025.12.29"]
[Round "5.11"]
[White "Couradin, Bruno"]
[Black "Fasquelle, Cedric"]
[Result "0-1"]
[WhiteElo "1517"]
[BlackElo "1812"]
[Annotator "Rivier,Sylvain"]
[PlyCount "94"]
[EventDate "2025.??.??"]
[WhiteTeam "La Dame Noire"]
[BlackTeam "Saint-Quentin en Yvelines"]

{Défense sicilienne} 1. e4 c5 2. d4 cxd4 3. Qxd4 Nc6 4. Qd1 Nf6 5. Nc3 e6 6.
Nf3 Bb4 7. Bd2 O-O 8. Bd3 a6 9. a3 Bc5 10. Bg5 h6 11. Bh4 g5 12. Bg3 Nh5 13.
Ne5 Nxg3 14. Nxc6 Qf6 15. Qd2 Nxh1 16. O-O-O dxc6 17. Rxh1 Qf4 18. Qxf4 gxf4
19. f3 e5 20. Kb1 Be6 21. g3 fxg3 22. hxg3 Kg7 23. f4 f6 24. f5 Bf7 25. Ne2 b5
26. b4 Be3 27. g4 Bc4 28. Bxc4 bxc4 29. Rh3 Bg5 30. Rc3 Rac8 31. Rxc4 Rc7 32.
Ng3 c5 33. Nh5+ Kf7 34. a4 Rb8 35. c3 Rbb7 36. b5 axb5 37. axb5 Rb8 38. Kc2
Rxb5 39. Ng3 Rd7 40. Nf1 Ra7 41. Kd3 Ra1 42. Ng3 Rd1+ 43. Ke2 Rd2+ 44. Kf3 Rd3+
45. Kg2 Rb2+ 46. Kh3 Bf4 47. Rxc5 Rxg3+ 0-1

[Event "24e tournoi de Noël"]
[Site "Montigny le Bretonneux"]
[Date "2025.12.29"]
[Round "5.12"]
[White "Fayolle, Guy"]
[Black "Foveau, Guillaume"]
[Result "1-0"]
[WhiteElo "1708"]
[BlackElo "1598"]
[Annotator "Rivier,Sylvain"]
[PlyCount "81"]
[EventDate "2025.??.??"]
[WhiteTeam "Saint-Quentin en Yvelines"]
[BlackTeam "La Dame Noire"]

{Défense française variante d'avance} 1. e4 e6 2. d4 d5 3. e5 c5 4. c3 Bd7 5.
Nf3 Nc6 6. Bd3 Qb6 7. dxc5 Bxc5 8. O-O O-O-O 9. a4 Qc7 10. Re1 f6 11. Bf4 fxe5
12. Nxe5 Nxe5 13. Bxe5 Qb6 14. Qc2 Nf6 15. a5 Qc6 16. b4 Bd6 17. b5 Qc7 18. b6
axb6 19. axb6 Qxb6 20. Ra8+ Kc7 21. Ra2 Bxe5 22. Rxe5 Qd6 23. Qe2 Ra8 24. Rb2
Ng4 25. Rh5 g6 26. Rh4 Ne5 27. Rhb4 Nxd3 28. Rxb7+ Kd8 29. Qxd3 Ke7 30. g3 Rhb8
31. Qd4 Rxb7 32. Qg7+ Ke8 33. Rxb7 Ra1 34. Rb8+ Qxb8 35. Qg8+ Ke7 36. Qxb8 e5
37. Kg2 Kf6 38. Nd2 Rc1 39. Nf3 Kf7 40. Qxe5 Bb5 41. Qxd5+ 1-0

[Event "24e tournoi de Noël"]
[Site "Montigny le Bretonneux"]
[Date "2025.12.29"]
[Round "5.13"]
[White "Esch, Lars"]
[Black "Chakour, Samir"]
[Result "1-0"]
[WhiteElo "1399"]
[BlackElo "1652"]
[Annotator "Rivier,Sylvain"]
[PlyCount "129"]
[EventDate "2025.??.??"]
[BlackTeam "Saint-Quentin en Yvelines"]

{Défense française, variante d'avance} 1. e4 e6 2. d4 d5 3. e5 c5 4. c3 Nc6
5. Nf3 Qb6 6. Be2 Nge7 7. dxc5 Qxc5 8. Qa4 Qb6 9. O-O Bd7 10. Qc2 Ng6 11. Be3
Bc5 12. Bxc5 Qxc5 13. Nbd2 Ncxe5 14. Rfc1 O-O 15. h4 Rac8 16. g3 Ng4 17. Nd4 e5
18. Bxg4 Bxg4 19. Nf5 Rfe8 20. Ne3 Bd7 21. Nf3 e4 22. Nd4 Ne5 23. Rd1 Qb6 24.
Nxd5 Qg6 25. Nf4 Qb6 26. Qb3 Qxb3 27. axb3 a6 28. Ra5 Bc6 29. Nxc6 Nxc6 30.
Rad5 h6 31. Rd7 b6 32. Nd5 Rb8 33. Rc7 Ne5 34. Nb4 a5 35. Nc6 Nxc6 36. Rxc6
Rbd8 37. Rcd6 Rb8 38. Kf1 Kh7 39. Ke2 f6 40. Ke3 f5 41. R1d5 Rf8 42. Kf4 g6 43.
Rd7+ Kg8 44. R5d6 g5+ 45. hxg5 hxg5+ 46. Kxg5 Rf7 47. Rxf7 Kxf7 48. Kxf5 Re8
49. Rxb6 e3 50. Rb7+ Kf8 51. fxe3 Rxe3 52. Ra7 Re2 53. Rxa5 Rxb2 54. b4 Rb3 55.
Rc5 Kg7 56. g4 Rb1 57. b5 Kf7 58. Rc7+ Kg8 59. c4 Rf1+ 60. Kg6 Kf8 61. b6 Ke8
62. b7 Rb1 63. Rc8+ Kd7 64. b8=Q Rb6+ 65. Qxb6 1-0

[Event "24e tournoi de Noël"]
[Site "Montigny le Bretonneux"]
[Date "2025.12.29"]
[Round "5.14"]
[White "Julien, Emilie"]
[Black "Archet, Jean-Claude"]
[Result "1-0"]
[WhiteElo "1625"]
[BlackElo "1518"]
[Annotator "Rivier,Sylvain"]
[PlyCount "59"]
[EventDate "2025.??.??"]
[WhiteTeam "La Dame Noire"]
[BlackTeam "Club 608 d'Echecs Paris"]

{Défense Caro-Kann, variante des deux cavaliers} 1. e4 c6 2. Nc3 d5 3. d3 e5
4. Nf3 Bg4 5. a3 Bd6 6. exd5 cxd5 7. Nxd5 Bxa3 8. c4 Bd6 9. Be2 Ne7 10. Ne3 Bh5
11. O-O O-O 12. Bd2 Nbc6 13. Nc2 Bc7 14. Ng5 Bg6 15. Ne4 Nf5 16. Nb4 Nxb4 17.
Bxb4 Re8 18. Bh5 Bxh5 19. Qxh5 Nd4 20. Rad1 f6 21. Bc3 Ba5 22. Kh1 Bxc3 23.
Nxc3 Qb6 24. Nd5 Qd8 25. Qg4 Kh8 26. f4 Nb5 27. fxe5 fxe5 28. Rf7 Rg8 29. Ne7
Qe8 30. Ng6+ 1-0

[Event "24e tournoi de Noël"]
[Site "Montigny le Bretonneux"]
[Date "2025.12.29"]
[Round "5.15"]
[White "Dufrene, Jad"]
[Black "Gauthier, Laurent"]
[Result "1-0"]
[WhiteElo "1399"]
[BlackElo "1804"]
[Annotator "Rivier,Sylvain"]
[PlyCount "49"]
[EventDate "2025.??.??"]
[WhiteTeam "La Dame Noire"]
[BlackTeam "Les Tours d'Angoulême"]

{Défense sicilienne, variante Alapine} 1. e4 c5 2. c3 d5 3. d4 dxe4 4. Be3 e6
5. Bb5+ Bd7 6. Bxd7+ Qxd7 7. Nd2 Nf6 8. Qc2 Qc6 9. Ne2 Bd6 10. dxc5 Bxc5 11.
Bxc5 Nbd7 12. Be3 Ne5 13. O-O-O Nd3+ 14. Kb1 Ng4 15. Nxe4 Rd8 16. Rxd3 O-O 17.
Rxd8 Rxd8 18. h3 Ne5 19. f3 Nc4 20. Rd1 Rc8 21. Bf2 h6 22. Nd4 Qb6 23. Qb3 Qa6
24. Nb5 Na5 25. Qa4 1-0

[Event "24e tournoi de Noël"]
[Site "Montigny le Bretonneux"]
[Date "2025.12.29"]
[Round "5.16"]
[White "Meddour, Ithri"]
[Black "U'Ren, Gregory"]
[Result "1-0"]
[WhiteElo "1645"]
[BlackElo "1399"]
[Annotator "Rivier,Sylvain"]
[PlyCount "101"]
[EventDate "2025.??.??"]
[WhiteTeam "Saint-Quentin en Yvelines"]
[BlackTeam "ECHECS 78"]

{Défense sicilienne, variante Alapine} 1. e4 c5 2. Nf3 Nc6 3. c3 a6 4. d3 e6
5. Nbd2 Nf6 6. e5 Nd5 7. c4 Nf4 8. Ne4 Ng6 9. Nd6+ Bxd6 10. exd6 O-O 11. Be3
Re8 12. d4 cxd4 13. Nxd4 Nxd4 14. Qxd4 Qa5+ 15. Bd2 Qe5+ 16. Qxe5 Nxe5 17. Bf4
Nc6 18. O-O-O e5 19. Be3 Rb8 20. Bb6 Ra8 21. Be2 f5 22. Rhe1 a5 23. a3 Kf7 24.
g4 f4 25. Bf3 Ra6 26. c5 Nd4 27. Bd5+ Kf6 28. Rxd4 Kg5 29. Rde4 Kxg4 30. f3+
Kf5 31. Bc4 Ra8 32. Rg1 g5 33. h4 h6 34. Bd3 Kf6 35. Ra4 Rg8 36. b4 h5 37. bxa5
g4 38. Kd2 g3 39. Ke2 Rg7 40. Kf1 Rg8 41. Kg2 Rg7 42. Re1 Rg8 43. Re2 Rh8 44.
Rae4 Re8 45. Rxf4+ exf4 46. Rxe8 Kg7 47. Re4 Ra6 48. Rxf4 Kh6 49. Rf8 Ra8 50.
Kxg3 Kg7 51. Kf4 1-0

[Event "24e tournoi de Noël"]
[Site "Montigny le Bretonneux"]
[Date "2025.12.29"]
[Round "5.17"]
[White "Julien Maigne, Marius"]
[Black "Barthere, Gilles"]
[Result "0-1"]
[WhiteElo "1299"]
[BlackElo "1566"]
[Annotator "Rivier,Sylvain"]
[PlyCount "78"]
[EventDate "2025.??.??"]
[WhiteTeam "La Dame Noire"]
[BlackTeam "CE Le Roi Soleil - Le Chesnay - Versailles"]

{Défense Nimzo-indienne, système Rubinstein} 1. d4 Nf6 2. c4 e6 3. Nc3 Bb4 4.
e3 O-O 5. Nf3 Ne4 6. Qc2 Nxc3 7. bxc3 Be7 8. Bd3 g6 9. O-O Bf6 10. Ne1 Nc6 11.
f4 Ne7 12. e4 b6 13. f5 exf5 14. exf5 d6 15. g4 Qd7 16. Bh6 Bb7 17. Bxf8 Rxf8
18. h3 Nc6 19. Ng2 Nxd4 20. cxd4 Bxd4+ 21. Kh1 Bxa1 22. Rxa1 Qe7 23. Qe2 Qxe2
24. Bxe2 Re8 25. Bd3 Re3 26. Bc2 Re2 27. Bb3 Rxg2 28. Rd1 Rxg4+ 29. Kh2 Rg2+
30. Kh1 Rf2+ 31. Kg1 Rxf5 32. Re1 Rg5+ 33. Kf2 Kf8 34. a4 Rg2+ 35. Kf1 Rg3 36.
Bd1 Rxh3 37. Bg4 Rh1+ 38. Kf2 Rxe1 39. Kxe1 h5 0-1

[Event "24e tournoi de Noël"]
[Site "Montigny le Bretonneux"]
[Date "2025.12.29"]
[Round "5.18"]
[White "Pages, Clement"]
[Black "Un, Prathna"]
[Result "1-0"]
[WhiteElo "1433"]
[BlackElo "1399"]
[Annotator "Rivier,Sylvain"]
[PlyCount "85"]
[EventDate "2025.??.??"]
[WhiteTeam "L'Hay les Roses Echecs et Mat"]
[BlackTeam "La Dame Noire"]

{Partie du pion dame} 1. d4 Nf6 2. Nc3 d5 3. Bf4 e6 4. a3 Nc6 5. e3 Bd6 6. Qf3
O-O 7. Bd3 Re8 8. O-O-O e5 9. dxe5 Bg4 10. Qg3 Bxd1 11. exf6 g6 12. Kxd1 Qxf6
13. Bxd6 cxd6 14. Nge2 Qe6 15. Nf4 Qe5 16. Nfxd5 Rac8 17. Qxe5 Nxe5 18. Nf6+
Kf8 19. Nxe8 Rxe8 20. Ke2 a6 21. Rd1 b5 22. f4 Ng4 23. Be4 a5 24. h3 b4 25.
hxg4 bxc3 26. Kf3 cxb2 27. Rb1 Rb8 28. Ke2 Ke7 29. Kd2 Ke6 30. Bf3 Rb5 31. Kc3
a4 32. Rxb2 Rxb2 33. Kxb2 f5 34. g5 Ke7 35. Kc3 Ke6 36. Kb4 d5 37. Kxa4 Kd6 38.
Kb5 Ke6 39. a4 Kd6 40. Kb6 Kd7 41. Bxd5 Kc8 42. Bg8 Kb8 43. Bxh7 1-0

[Event "24e tournoi de Noël"]
[Site "Montigny le Bretonneux"]
[Date "2025.12.29"]
[Round "5.19"]
[White "Orfila, Leila"]
[Black "Orfila, Hugo"]
[Result "0-1"]
[WhiteElo "1299"]
[BlackElo "1413"]
[Annotator "Rivier,Sylvain"]
[PlyCount "86"]
[EventDate "2025.??.??"]
[WhiteTeam "Club d'Echecs de Guyancourt"]
[BlackTeam "Club d'Echecs de Guyancourt"]

{Partie italienne} 1. e4 e5 2. Nf3 Nc6 3. Bc4 Bc5 4. O-O d6 5. Nc3 Bg4 6. Be2
Nf6 7. b3 O-O 8. Bb2 a6 9. d3 Bd4 10. Nxd4 Bxe2 11. Qxe2 Nxd4 12. Qe3 Nxc2 13.
Qe2 Nxa1 14. Bxa1 Qd7 15. d4 exd4 16. Nd5 Nxd5 17. exd5 c5 18. Qd3 Rfe8 19. b4
b6 20. bxc5 dxc5 21. Qc4 Qc7 22. Bxd4 b5 23. Qc2 Rac8 24. Ba1 f6 25. Qf5 Re7
26. Qg4 Rce8 27. Bxf6 Rf7 28. Ba1 Qd7 29. Qg5 Qf5 30. Qg3 Qxd5 31. h4 Qxa2 32.
Bc3 Qb3 33. Ra1 b4 34. Rxa6 bxc3 35. Rc6 Qb1+ 36. Kh2 c2 37. Qd3 c1=Q 38. Qxb1
Qxb1 39. Rxc5 Rxf2 40. Kg3 Qb3+ 41. Kh2 Qb8+ 42. Kh3 Re3+ 43. g3 Qxg3# 0-1

[Event "24e tournoi de Noël"]
[Site "Montigny le Bretonneux"]
[Date "2025.12.29"]
[Round "5.20"]
[White "Garabedian, Christophe"]
[Black "Naamane, Adem"]
[Result "1-0"]
[WhiteElo "1399"]
[BlackElo "1299"]
[Annotator "Rivier,Sylvain"]
[PlyCount "67"]
[EventDate "2025.??.??"]
[WhiteTeam "La Dame Noire"]
[BlackTeam "Club d'Echecs de Guyancourt"]

{Partie du pion dame} 1. d4 d5 2. Nf3 Nf6 3. Bf4 Bf5 4. c4 e6 5. e3 Bd6 6. Ne5
Nbd7 7. Qb3 b6 8. Bd3 Bxd3 9. Qxd3 O-O 10. Nc6 Qe8 11. O-O Bxf4 12. exf4 Nb8
13. Ne5 Nc6 14. Nc3 Rd8 15. Rfe1 dxc4 16. Qxc4 Nxd4 17. Rad1 c5 18. b4 Nc2 19.
Rxd8 Qxd8 20. Rd1 Qc7 21. Nb5 Na3 22. Nxa3 Rd8 23. Rxd8+ Qxd8 24. Qd3 Qxd3 25.
Nxd3 cxb4 26. Nxb4 a5 27. Nc6 Nd5 28. g3 Kf8 29. Nc4 Nc3 30. a3 Ke8 31. Nxb6
Nb5 32. a4 Kf8 33. axb5 Ke8 34. Nxa5 1-0

[Event "24e tournoi de Noël"]
[Site "Montigny le Bretonneux"]
[Date "2025.12.29"]
[Round "5.21"]
[White "Carbonero, Jean Marc"]
[Black "Bouloc, Roger"]
[Result "0-1"]
[WhiteElo "1399"]
[BlackElo "1419"]
[Annotator "Rivier,Sylvain"]
[PlyCount "44"]
[EventDate "2025.??.??"]
[WhiteTeam "La Dame Noire"]
[BlackTeam "La Dame Noire"]

{Dzéfense sicilienne, variante Rossolimo} 1. e4 c5 2. Nf3 Nc6 3. Be2 d6 4. O-O
Bg4 5. h3 Bh5 6. Nc3 e6 7. d3 Be7 8. Be3 Nf6 9. Qd2 O-O 10. d4 cxd4 11. Nxd4
Bxe2 12. Qxe2 Re8 13. Nf3 a6 14. a3 Qc7 15. Na4 b5 16. Bb6 Qb7 17. Qe3 bxa4 18.
c3 Rab8 19. c4 Qxb6 20. Qxb6 Rxb6 21. b4 axb3 22. Rfe1 Kf8 0-1

[Event "24e tournoi de Noël"]
[Site "Montigny le Bretonneux"]
[Date "2025.12.29"]
[Round "6.1"]
[White "Strehse, Nelson"]
[Black "Langner, Jasper"]
[Result "1-0"]
[WhiteElo "2198"]
[BlackElo "2052"]
[Annotator "Rivier,Sylvain"]
[PlyCount "69"]
[EventDate "2025.??.??"]

{Partie italienne, guiocco piano} 1. e4 e5 2. Bc4 Nf6 3. d3 Bc5 4. Nf3 d6 5.
O-O Nc6 6. c3 Bb6 7. Nbd2 a6 8. Bb3 h6 9. Re1 O-O 10. Nf1 Re8 11. Ng3 Be6 12.
Ba4 Bd7 13. d4 exd4 14. cxd4 Ba7 15. h3 Nb4 16. Bb3 d5 17. e5 Ne4 18. a3 Nxg3
19. axb4 Nf5 20. Bxd5 Ba4 21. Bxf7+ Kxf7 22. Qxa4 Nxd4 23. Nxd4 Qxd4 24. Qb3+
Kg6 25. Qc2+ Kf7 26. Be3 Qxb4 27. Bxa7 Rxa7 28. Qxc7+ Re7 29. e6+ Kg6 30. Qc2+
Kf6 31. Re4 Qb5 32. Rf4+ Kxe6 33. Re1+ Kd7 34. Rd4+ Ke8 35. Qg6+ 1-0

[Event "24e tournoi de Noël"]
[Site "Montigny le Bretonneux"]
[Date "2025.12.29"]
[Round "6.2"]
[White "Bielle, Lucas"]
[Black "Klemenz, Luca"]
[Result "1/2-1/2"]
[WhiteElo "1904"]
[BlackElo "2085"]
[Annotator "Rivier,Sylvain"]
[PlyCount "127"]
[EventDate "2025.??.??"]
[WhiteTeam "CE Le Roi Soleil - Le Chesnay - Versailles"]

{Partie écossaise} 1. e4 e5 2. Nf3 Nc6 3. d4 exd4 4. Nxd4 Nf6 5. Nxc6 bxc6 6.
e5 Qe7 7. Qe2 Nd5 8. c4 Nb6 9. g3 Qe6 10. b3 a5 11. Nd2 Bb4 12. Bb2 Ba6 13. Rc1
O-O 14. Bg2 d5 15. O-O Bxd2 16. Qxd2 dxc4 17. Rfd1 Bb7 18. Qc2 cxb3 19. Qxb3
Qxb3 20. axb3 Nd5 21. Bxd5 cxd5 22. Rxc7 Bc8 23. Rxd5 Be6 24. Rb5 Rfb8 25. Ra7
h5 26. Raxa5 Kh7 27. b4 Rxb5 28. Rxb5 Ra2 29. Bd4 Bh3 30. e6 Bxe6 31. Rxh5+ Kg6
32. Re5 Rd2 33. Bc3 Rc2 34. Re3 Bh3 35. Be1 Rb2 36. g4 Bxg4 37. Rg3 Kh5 38. Kg2
g5 39. Bc3 Rb3 40. Re3 Be6 41. Kg3 f5 42. Rxe6 Rxc3+ 43. Kg2 Rb3 44. Rb6 Kg4
45. Rb8 f4 46. Kf1 Kf3 47. Ke1 Rb1+ 48. Kd2 Kxf2 49. Kc2 Rh1 50. Rg8 Rxh2 51.
Rxg5 Ke1+ 52. Kd3 f3 53. Rg1+ Kf2 54. Rb1 Kg3 55. b5 Rh8 56. b6 f2 57. Kc4 Re8
58. Rf1 Re1 59. b7 Re8 60. Kc5 Kg2 61. Rxf2+ Kxf2 62. Kc6 Rb8 63. Kc7 Rxb7+ 64.
Kxb7 1/2-1/2

[Event "24e tournoi de Noël"]
[Site "Montigny le Bretonneux"]
[Date "2025.12.29"]
[Round "6.3"]
[White "Neveu, Raphael"]
[Black "Imbert, Christophe"]
[Result "0-1"]
[WhiteElo "1785"]
[BlackElo "1924"]
[Annotator "Rivier,Sylvain"]
[PlyCount "64"]
[EventDate "2025.??.??"]
[WhiteTeam "La Dame Noire"]
[BlackTeam "Club d'Echecs du Vesinet"]

{Défense est-indienne} 1. d4 Nf6 2. Nf3 g6 3. c4 Bg7 4. Nc3 d6 5. Bg5 h6 6.
Bh4 O-O 7. e3 Na6 8. c5 b6 9. cxd6 exd6 10. Be2 c5 11. Bg3 Bb7 12. O-O Nh5 13.
Re1 Nxg3 14. hxg3 Nc7 15. Rc1 Rc8 16. Qa4 a6 17. Qb3 b5 18. a3 c4 19. Qd1 Qe7
20. Nd2 h5 21. Bf3 Bxf3 22. Nxf3 Bh6 23. Nh4 Rfe8 24. d5 a5 25. a4 b4 26. Ne2
Na6 27. Qd4 Qe4 28. Qb6 Nc5 29. Red1 Nd3 30. Qxa5 Nxc1 31. Rxc1 c3 32. bxc3 b3
0-1

[Event "24e tournoi de Noël"]
[Site "Montigny le Bretonneux"]
[Date "2025.12.29"]
[Round "6.4"]
[White "Payot, Guillaume"]
[Black "Artieres, Michel"]
[Result "0-1"]
[WhiteElo "1781"]
[BlackElo "1808"]
[Annotator "Rivier,Sylvain"]
[PlyCount "60"]
[EventDate "2025.??.??"]
[WhiteTeam "CE Le Roi Soleil - Le Chesnay - Versailles"]
[BlackTeam "La Dame Noire"]

{Défense vieille indienne} 1. d4 Nf6 2. c4 d6 3. Nc3 e5 4. d5 Nbd7 5. e4 Nc5
6. Bd3 a5 7. Nge2 g6 8. f3 Bg7 9. Be3 b6 10. b3 O-O 11. a3 Nh5 12. Bc2 f5 13.
O-O f4 14. Bf2 g5 15. h3 Nf6 16. Re1 h5 17. Nc1 Qe8 18. Nd3 Qg6 19. Kf1 g4 20.
hxg4 hxg4 21. b4 gxf3 22. gxf3 Bh3+ 23. Ke2 Ncxe4 24. Nxe4 Nxe4 25. Nxf4 Rxf4
26. Rg1 Nc3+ 27. Kd2 Nxd1 28. Rxg6 Nxf2 29. Rag1 Ng4 30. fxg4 axb4 0-1

[Event "24e tournoi de Noël"]
[Site "Montigny le Bretonneux"]
[Date "2025.12.29"]
[Round "6.5"]
[White "Legranger, Thimote"]
[Black "Appavou, Calixte"]
[Result "1/2-1/2"]
[WhiteElo "1748"]
[BlackElo "1804"]
[Annotator "Rivier,Sylvain"]
[PlyCount "26"]
[EventDate "2025.??.??"]
[WhiteTeam "Cergy Pontoise Echecs"]
[BlackTeam "Saint-Quentin en Yvelines"]

{Défense Philidor} 1. e4 e5 2. Nf3 Nc6 3. Nc3 Nf6 4. Be2 Be7 5. O-O O-O 6. d4
exd4 7. Nxd4 d6 8. f4 Bd7 9. Be3 h6 10. Qe1 Nh7 11. Nd5 Nf6 12. Nc3 Nh7 13. Nd5
Nf6 1/2-1/2

[Event "24e tournoi de Noël"]
[Site "Montigny le Bretonneux"]
[Date "2025.12.29"]
[Round "6.6"]
[White "Imbert, Nicolas"]
[Black "Arutyunov, Mikael"]
[Result "1-0"]
[WhiteElo "1732"]
[BlackElo "1791"]
[Annotator "Rivier,Sylvain"]
[PlyCount "97"]
[EventDate "2025.??.??"]
[WhiteTeam "Saint-Quentin en Yvelines"]
[BlackTeam "Tours et Detours Club d'Echecs Centre Brie"]

{Partie du pion dame} 1. d4 d5 2. Nf3 Nf6 3. Bf4 c5 4. e3 Qb6 5. Nc3 c4 6. Rb1
Nc6 7. Nd2 Bf5 8. a3 e6 9. Be2 Be7 10. g4 Bg6 11. h4 h5 12. g5 Nd7 13. Nf3 Rc8
14. Qd2 Qa6 15. O-O Qa5 16. b4 Qxa3 17. Ra1 Qb2 18. Ra2 Qxb4 19. Rb1 a5 20.
Rxb4 Bxb4 21. Qe1 O-O 22. Qa1 Be7 23. Ne5 Ndxe5 24. Bxe5 Nxe5 25. dxe5 b6 26.
Nb5 Rc5 27. Nd4 Bd8 28. Qd1 Bc7 29. f4 b5 30. Bxh5 Bxh5 31. Qxh5 b4 32. g6 fxg6
33. Qxg6 b3 34. cxb3 cxb3 35. Nxb3 Rc3 36. Rg2 Rf7 37. Nd4 Bb6 38. Rg3 Rxe3 39.
Rxe3 Bxd4 40. Kf2 Rxf4+ 41. Ke2 Bxe3 42. Qxe6+ Kh7 43. Kxe3 Rxh4 44. Qxd5 g5
45. e6 Kg6 46. e7 Rh8 47. Qe6+ Kh5 48. Qh3+ Kg6 49. Qxh8 1-0

[Event "24e tournoi de Noël"]
[Site "Montigny le Bretonneux"]
[Date "2025.12.29"]
[Round "6.7"]
[White "Fasquelle, Cedric"]
[Black "Salagnac, Sowan"]
[Result "1-0"]
[WhiteElo "1812"]
[BlackElo "1775"]
[Annotator "Rivier,Sylvain"]
[PlyCount "55"]
[EventDate "2025.??.??"]
[WhiteTeam "Saint-Quentin en Yvelines"]
[BlackTeam "Saint-Quentin en Yvelines"]

{Défense Caro-Kann} 1. e4 c6 2. c4 d5 3. cxd5 cxd5 4. exd5 Nf6 5. Bc4 Nxd5 6.
Qb3 e6 7. Nc3 Nb6 8. Be2 Nc6 9. Nf3 Be7 10. d4 O-O 11. Be3 Nd5 12. O-O b6 13.
Rac1 Na5 14. Qc2 Bb7 15. Bd3 Nb4 16. Bxh7+ Kh8 17. Qb1 Bxf3 18. gxf3 g6 19.
Bxg6 Rg8 20. Kh1 Rxg6 21. Rg1 Rxg1+ 22. Rxg1 Qd6 23. Ne4 Qd5 24. Rg3 Qh5 25.
Qf1 Bh4 26. Rh3 Kg7 27. Bg5 f5 28. Bxh4 1-0

[Event "24e tournoi de Noël"]
[Site "Montigny le Bretonneux"]
[Date "2025.12.29"]
[Round "6.8"]
[White "Kunne, Ronald"]
[Black "Julien, Emilie"]
[Result "1-0"]
[WhiteElo "1853"]
[BlackElo "1625"]
[Annotator "Rivier,Sylvain"]
[PlyCount "55"]
[EventDate "2025.??.??"]
[WhiteTeam "Club d'Echecs d'Orsay"]
[BlackTeam "La Dame Noire"]

{Défense française, variante Rubinstein} 1. e4 e6 2. d4 d5 3. Nc3 c5 4. exd5
exd5 5. dxc5 Nf6 6. Nf3 Nc6 7. Be3 a6 8. Be2 Qa5 9. O-O Be6 10. a3 Qc7 11. b4
Ne5 12. Nxe5 Qxe5 13. Qd4 Qf5 14. Rac1 Rd8 15. Rfd1 Be7 16. Qf4 O-O 17. Qxf5
Bxf5 18. Bf3 Bg4 19. Bxg4 Nxg4 20. Nxd5 Bf6 21. Nxf6+ Nxf6 22. Rxd8 Rxd8 23.
Bg5 Re8 24. Bxf6 gxf6 25. Kf1 Re5 26. Rd1 Re7 27. Rd6 Kg7 28. c6 1-0

[Event "24e tournoi de Noël"]
[Site "Montigny le Bretonneux"]
[Date "2025.12.29"]
[Round "6.9"]
[White "Abdallaoui, Mohamed Mehdi"]
[Black "Dufrene, Jad"]
[Result "1-0"]
[WhiteElo "1721"]
[BlackElo "1399"]
[Annotator "Rivier,Sylvain"]
[PlyCount "43"]
[EventDate "2025.??.??"]
[WhiteTeam "Club d'Echecs de Guyancourt"]
[BlackTeam "La Dame Noire"]

{Partie du pion dame} 1. Nf3 d5 2. d4 c5 3. e3 Nc6 4. Be2 Bg4 5. Nbd2 e6 6. O-O
Bd6 7. a3 Nge7 8. dxc5 Bxc5 9. b4 Bb6 10. Bb2 O-O 11. Bd3 e5 12. Bxh7+ Kh8 13.
e4 f5 14. Bxf5 Nxf5 15. exf5 e4 16. h3 Bxf3 17. gxf3 Qg5+ 18. Kh1 Rxf5 19. fxe4
dxe4 20. Nxe4 Qh4 21. Qg4 Rf4 22. Qxg7# 1-0

[Event "24e tournoi de Noël"]
[Site "Montigny le Bretonneux"]
[Date "2025.12.29"]
[Round "6.10"]
[White "Esch, Lars"]
[Black "Fayolle, Guy"]
[Result "1-0"]
[WhiteElo "1399"]
[BlackElo "1708"]
[Annotator "Rivier,Sylvain"]
[PlyCount "69"]
[EventDate "2025.??.??"]
[BlackTeam "Saint-Quentin en Yvelines"]

{Partie italienne} 1. e4 e5 2. Nf3 Nc6 3. Bc4 f5 4. d3 Bc5 5. Bg5 Nf6 6. exf5
d5 7. Bb5 Qd6 8. Qe2 O-O 9. Nc3 Nd4 10. Qd2 Nxf3+ 11. gxf3 Bxf5 12. Rg1 Qb6 13.
Bxf6 Rxf6 14. Nxd5 Qd6 15. Nxf6+ Qxf6 16. O-O-O Qb6 17. Qg5 Bg6 18. Bc4+ Kh8
19. Kb1 Bxf2 20. Rg2 Bd4 21. Bb3 a5 22. a4 Rf8 23. h4 Qf6 24. Qxf6 Rxf6 25. Bd5
c6 26. Be4 Bh5 27. c3 Be3 28. Re2 Bxf3 29. Bxf3 Rxf3 30. Rde1 Bb6 31. Rxe5 h6
32. d4 Rf7 33. Re7 Kg8 34. Kc2 Kf8 35. Re8# 1-0